Cómo hablar a los niños acerca del sexo: guía para padres, maestros y educadores
Uloženo v:
| Korporativní autor: | |
|---|---|
| Médium: | Kniha |
| Jazyk: | španělština |
| Vydáno: |
Ciudad de México
Limusa
1975
|
| Témata: | |
| Tagy: |
Přidat tag
Žádné tagy, Buďte první, kdo vytvoří štítek k tomuto záznamu!
|
MARC
| LEADER | 00000nam a2200000 a 4500 | ||
|---|---|---|---|
| 001 | UCY9331 | ||
| 003 | CL-VaPUC | ||
| 008 | 950717e19750000MX |||||||||||||||||spa|d | ||
| 082 | 0 | 4 | |a 372.372 |b LEA |2 21 |
| 110 | 2 | |a Learning Technology Incorporated |e author |9 341412 | |
| 245 | 1 | 0 | |a Cómo hablar a los niños acerca del sexo: guía para padres, maestros y educadores |
| 300 | |a 130 p | ||
| 942 | |c BK | ||
| 945 | |d 19950717 00:00:00 |a mfernand | ||
| 260 | |a Ciudad de México |b Limusa |c 1975 | ||
| 650 | 0 | |a Educación sexual |9 308005 | |
| 650 | 0 | |a Sexo |9 257818 | |
| 650 | 0 | |a Comportamiento sexual |9 334955 | |
| 650 | 0 | |a Enfermedades venéreas |9 338972 | |
| 650 | 7 | |a EMBARAZO |2 CL-VaPUC |9 308235 | |
| 650 | 0 | |a Niños |9 255605 | |
| 650 | 0 | |a Niños de edad preescolar |9 335607 | |
| 650 | 0 | |a Adolescentes |9 308058 | |
| 650 | 7 | |a CONTROL DE LA NATALIDAD |2 CL-VaPUC |9 308234 | |
| 583 | |a last modification |c 19950717 00:00:00 |k Rodrigo Vera | ||
| 999 | |c 236443 |d 236441 | ||
| 952 | |0 0 |1 0 |4 0 |6 372_372000000000000_LEA_1975 |7 0 |8 P |9 244534 |a BIBEDU |b BIBEDU |c BIBEDU_PB |d 2019-11-18 |i 1533010 |o 372.372 LEA 1975 |p 1533010 |r 2024-01-25 |w 2019-11-18 |y BK |k EDU | ||